[Event "European Blitz 2016"]
[Site "Tallinn EST"]
[Date "2016.12.18"]
[Round "26.24"]
[White "Martinovic, Sasa"]
[Black "Plat, Vojtech"]
[Result "0-1"]
[WhiteTitle "GM"]
[BlackTitle "IM"]
[WhiteElo "2550"]
[BlackElo "2532"]
[WhiteFideId "14509792"]
[BlackFideId "325740"]
[EventDate "2016.12.17"]

1. d4 d6 2. Nf3 f5 3. c4 Nf6 4. Nc3 g6 5. e3 Bg7 6. Be2 O-O 7. O-O Qe8 8. b4 e5
9. dxe5 dxe5 10. c5 e4 11. Nd4 c6 12. Bc4+ Kh8 13. Qb3 Ng4 14. Ne6 Bxe6 15. Bxe6
Nd7 16. Bb2 Nde5 17. Rad1 Nd3 18. Ba1 Rd8 19. h3 Ngxf2 20. Rd2 f4 21. Rdxf2 Nxf2
22. Rxf2 fxe3 23. Re2 Qe7 24. Bb2 Rd2 25. Bc4 Qf6 26. Rxd2 exd2 27. Qd1 Qd4+ 28.
Kh1 Qxc4 29. Qxd2 Qf1+ 0-1

[Event "European Blitz 2016"]
[Site "Tallinn EST"]
[Date "2016.12.18"]
[Round "26.25"]
[White "Kazakovskiy, Valeriy"]
[Black "Grigoriants, Sergey"]
[Result "1/2-1/2"]
[WhiteTitle "IM"]
[BlackTitle "GM"]
[WhiteElo "2430"]
[BlackElo "2563"]
[WhiteFideId "13507443"]
[BlackFideId "4130804"]
[EventDate "2016.12.17"]

1. d4 Nf6 2. Nf3 d5 3. c4 e6 4. g3 Bb4+ 5. Bd2 Be7 6. Bg2 O-O 7. O-O c6 8. Qc2
b6 9. Rd1 Bb7 10. b3 Nbd7 11. a4 Rc8 12. a5 c5 13. axb6 axb6 14. Ra7 Bc6 15. Bf4
Ra8 16. Rxa8 Qxa8 17. Ne5 Nxe5 18. dxe5 Ne8 19. cxd5 exd5 20. Nc3 Nc7 21. e6
Nxe6 22. Nxd5 Bd8 23. Be5 Qb7 24. Qe4 Qa6 25. Ra1 Qc8 26. Nxb6 Bxe4 27. Nxc8
Bxg2 28. Kxg2 Bf6 29. Bxf6 Rxc8 30. Bc3 Rb8 31. Be5 Rd8 32. Kf1 f6 33. Bc3 Rb8
34. Ra3 Kf7 35. e3 Ng5 36. Ke2 Ne4 37. Be1 h5 38. Kd3 Nd6 39. h4 Ke6 40. e4
Rxb3+ 41. Rxb3 c4+ 42. Kc3 cxb3 43. f3 Nb5+ 44. Kxb3 Nd4+ 45. Kc4 Nxf3 46. Bc3
g5 47. hxg5 fxg5 48. Kd3 h4 49. gxh4 gxh4 50. Ke3 Ng5 1/2-1/2

[Event "European Blitz 2016"]
[Site "Tallinn EST"]
[Date "2016.12.18"]
[Round "26.26"]
[White "Putka, Verners"]
[Black "Kulaots, Kaido"]
[Result "0-1"]
[BlackTitle "GM"]
[WhiteElo "2307"]
[BlackElo "2556"]
[WhiteFideId "11600659"]
[BlackFideId "4500261"]
[EventDate "2016.12.17"]

1. d4 Nf6 2. Nf3 g6 3. g3 Bg7 4. Bg2 O-O 5. O-O d6 6. c4 c6 7. Nc3 Qa5 8. d5
cxd5 9. cxd5 b5 10. Nd4 b4 11. Nb3 Qa6 12. Nb1 Nbd7 13. Be3 Bb7 14. a3 bxa3 15.
Rxa3 Qb5 16. Nc3 Qc4 17. Na5 Qc7 18. Bd4 Nb6 19. e4 Ba6 20. Re1 Nc4 21. Nxc4
Bxc4 22. e5 dxe5 23. Bxe5 Qb7 24. b3 Qb4 25. Nb1 Bxd5 26. Bxf6 Bxf6 27. Bxd5
Rad8 28. Ra4 Qb5 29. Bxf7+ Kxf7 30. Qf3 Qb6 31. Nc3 Kg7 32. Nd5 Qb7 33. Rd1 e6
34. Qe3 Rxd5 35. Rxd5 Qxd5 36. Rxa7+ Kg8 37. h4 Bd4 0-1

[Event "European Blitz 2016"]
[Site "Tallinn EST"]
[Date "2016.12.18"]
[Round "26.27"]
[White "Brodowski, Piotr"]
[Black "Potkin, Vladimir"]
[Result "1-0"]
[WhiteTitle "IM"]
[BlackTitle "GM"]
[WhiteElo "2444"]
[BlackElo "2597"]
[WhiteFideId "1124480"]
[BlackFideId "4131061"]
[EventDate "2016.12.17"]

1. c4 e6 2. g3 d5 3. Bg2 Nf6 4. Nf3 dxc4 5. a4 Nc6 6. O-O e5 7. Qc2 e4 8. Ng5
Nd4 9. Qxc4 Qd5 10. Qxd5 Nxe2+ 11. Kh1 Nxd5 12. Bxe4 Nf6 13. Re1 h6 14. Rxe2
hxg5 15. Bxb7+ Kd7 16. Bxa8 c6 17. Nc3 Ba6 18. d3 Bb4 19. Bxg5 Rxa8 20. Bxf6
gxf6 21. Rc1 Rb8 22. h4 Bf8 23. Kg2 Rb4 24. Ne4 Kc7 25. Nc5 Bc8 26. b3 Kb6 27.
Re8 Bxc5 28. Rxc8 Bd4 29. Rb8+ Ka5 30. Rxb4 1-0

[Event "European Blitz 2016"]
[Site "Tallinn EST"]
[Date "2016.12.18"]
[Round "26.28"]
[White "Halkias, Stelios"]
[Black "Pohjala, Henri"]
[Result "1/2-1/2"]
[WhiteTitle "GM"]
[BlackTitle "FM"]
[WhiteElo "2585"]
[BlackElo "2382"]
[WhiteFideId "4201809"]
[BlackFideId "506478"]
[EventDate "2016.12.17"]

1. e4 d5 2. exd5 Qxd5 3. Nc3 Qd8 4. d4 Nf6 5. Nf3 Bg4 6. Be2 c6 7. O-O e6 8. Be3
Nbd7 9. Ne5 Nxe5 10. dxe5 Qxd1 11. Rfxd1 Bxe2 12. Nxe2 Nd7 13. f4 Bc5 14. Kf2
Bxe3+ 15. Kxe3 Nb6 16. b3 Ke7 17. c4 Rad8 18. Nc3 f5 19. exf6+ gxf6 20. Ne4 Nd7
21. Rd2 f5 22. Ng5 Nc5 23. Rad1 h6 24. Nf3 Rxd2 25. Rxd2 Rd8 26. Rxd8 Kxd8 27.
Kd4 Nd7 28. c5 Ke7 29. Ne5 Nf6 30. Ng6+ Kf7 31. Ne5+ Ke7 32. a3 Nd5 33. g3 Nf6
34. b4 Nd5 35. Nc4 Kd7 36. Ke5 b5 37. cxb6 axb6 38. Kd4 Kc7 39. Ne5 h5 40. Nd3
Kd6 41. h3 Kd7 42. Ne5+ Kc7 43. Nc4 h4 44. gxh4 Nxf4 45. Ke5 Ng6+ 46. Kxe6 Nxh4
47. Ke5 Kb7 48. Nd6+ Ka6 49. Nxf5 Ng2 50. Nd6 c5 51. bxc5 bxc5 52. Kd5 Nf4+ 53.
Kxc5 Nxh3 54. Kb4 Nf4 55. Nb5 Nd5+ 56. Kc5 Nb6 57. Nc3 Ka5 58. Kc6 Na4 59. Nd5
Nb2 60. Kc5 Ka4 1/2-1/2

[Event "European Blitz 2016"]
[Site "Tallinn EST"]
[Date "2016.12.18"]
[Round "26.29"]
[White "Gorodetzky, David"]
[Black "Turov, Maxim"]
[Result "0-1"]
[WhiteTitle "FM"]
[BlackTitle "GM"]
[WhiteElo "2350"]
[BlackElo "2594"]
[WhiteFideId "2813416"]
[BlackFideId "4120086"]
[EventDate "2016.12.17"]

1. e4 c6 2. d4 d5 3. Nc3 dxe4 4. Nxe4 Bf5 5. Ng3 Bg6 6. h4 h6 7. Nf3 Nd7 8. h5
Bh7 9. Bd3 Bxd3 10. Qxd3 e6 11. Bd2 Bd6 12. Ne4 Bc7 13. O-O-O Ngf6 14. Kb1 Nxe4
15. Qxe4 Nf6 16. Qe2 Qd5 17. Bc1 Qe4 18. Qf1 O-O-O 19. Rh4 Qf5 20. Qe2 Rd5 21.
g4 Nxg4 22. Rg1 Nf6 23. Rxg7 Nxh5 24. Rg1 Nf4 25. Bxf4 Bxf4 26. Ka1 Rhd8 27. c3
Bg5 28. Rh5 f6 29. Nh4 Qh7 30. Qxe6+ Qd7 31. Qxd7+ R8xd7 32. Nf3 Rf5 33. Rh3 Re7
34. a4 Re2 35. Rf1 Ra5 36. Kb1 Rxa4 37. Nxg5 hxg5 38. Rf3 Re6 39. Rh1 Ra5 40.
Rh8+ Kd7 41. Rh7+ Re7 42. Rh6 f5 43. Rg6 f4 44. c4 Rf5 45. Rd3 Kc7 46. d5 Rd7
47. d6+ Kb6 48. b4 a5 49. bxa5+ Kxa5 50. Kc2 Kb4 51. Rc3 Kc5 52. Rh3 Rxd6 53.
Rg7 b6 54. Rb3 Re5 55. Rb7 Re2+ 56. Kc1 Rh6 57. Rd7 Rh1+ 58. Rd1 Rxd1+ 59. Kxd1
Rxf2 60. Rh3 g4 61. Rh4 g3 62. Rh1 0-1

[Event "European Blitz 2016"]
[Site "Tallinn EST"]
[Date "2016.12.18"]
[Round "26.30"]
[White "Chigaev, Maksim"]
[Black "Loginov, Valery A"]
[Result "1-0"]
[WhiteTitle "GM"]
[BlackTitle "GM"]
[WhiteElo "2531"]
[BlackElo "2486"]
[WhiteFideId "4108116"]
[BlackFideId "4126297"]
[EventDate "2016.12.17"]

1. e4 c5 2. Nf3 d6 3. Bc4 Nc6 4. c3 g6 5. O-O Bg7 6. h3 Nf6 7. d3 O-O 8. Bb3 e5
9. Bg5 Be6 10. Re1 h6 11. Bxf6 Qxf6 12. Nbd2 Qe7 13. Nf1 Kh7 14. Ne3 f5 15. Bxe6
Qxe6 16. Nd5 Rf7 17. Nd2 Raf8 18. f3 Bf6 19. Qb3 Bh4 20. Red1 Nd8 21. Qc4 Qd7
22. exf5 Bg5 23. fxg6+ Kxg6 24. d4 exd4 25. cxd4 Ne6 26. dxc5 dxc5 27. Ne4 Qc6
28. Ndc3 Nd4 29. Kh1 Rf5 30. a4 Bf4 31. Nb5 Bb8 32. Nxd4 cxd4 33. Qxc6+ bxc6 34.
Rxd4 Be5 35. Rc4 Bxb2 36. Rxc6+ Kg7 37. Rb1 Be5 38. Rb7+ R8f7 39. Rxf7+ Rxf7 40.
Rc5 Bf4 41. g3 Be3 42. Rc3 Bd4 43. Rd3 Bb6 44. Kg2 Rc7 45. f4 Rc4 46. Rd7+ Kg6
47. Kf3 Rxa4 48. g4 Ra3+ 49. Kg2 1-0

[Event "European Blitz 2016"]
[Site "Tallinn EST"]
[Date "2016.12.18"]
[Round "26.31"]
[White "Tregubov, Pavel V."]
[Black "Neiksans, Arturs"]
[Result "1/2-1/2"]
[WhiteTitle "GM"]
[BlackTitle "GM"]
[WhiteElo "2585"]
[BlackElo "2631"]
[WhiteFideId "4115341"]
[BlackFideId "11601388"]
[EventDate "2016.12.17"]

1. d4 Nf6 2. c4 e6 3. Nc3 Bb4 4. e3 O-O 5. Bd3 d5 6. Ne2 c5 7. cxd5 cxd4 8. exd4
Nxd5 9. O-O Nc6 10. Nxd5 exd5 11. Nf4 Bd6 12. Re1 g6 13. Be3 Be6 14. Nxe6 fxe6
15. Qg4 Qf6 16. Bb5 Rac8 17. Re2 a6 18. Bxc6 Rxc6 19. Rae1 Qf5 20. h3 Bb4 21.
Bd2 Bxd2 22. Rxd2 Qxg4 23. hxg4 Kf7 24. Re3 Ke7 25. Rb3 b5 26. g3 h5 27. gxh5
gxh5 28. Kg2 Kd6 29. Re3 b4 30. Re5 Rh8 31. Kh3 a5 32. Rg5 a4 33. Rg6 b3 34.
axb3 axb3 35. Re2 Kd7 36. Re3 Rb8 37. Rh6 Rbb6 38. Rh7+ Kc8 39. Rf3 Rc7 40. Rxh5
Kb7 41. g4 Rc2 42. g5 Rxb2 43. g6 Rb1 44. g7 Rg1 45. Rg3 Rxg3+ 46. fxg3 b2 47.
g8=Q b1=Q 48. Rh7+ Ka6 49. Qc8+ Kb5 50. Qc5+ Ka6 51. Qc8+ Kb5 52. Qc5+ Ka6 53.
Qc8+ Kb5 54. Qc5+ Ka6 55. Qc8+ 1/2-1/2

[Event "European Blitz 2016"]
[Site "Tallinn EST"]
[Date "2016.12.18"]
[Round "26.32"]
[White "Motylev, Alexander"]
[Black "Malakhov, Igor"]
[Result "0-1"]
[WhiteTitle "GM"]
[BlackTitle "IM"]
[WhiteElo "2663"]
[BlackElo "2454"]
[WhiteFideId "4121830"]
[BlackFideId "4183088"]
[EventDate "2016.12.17"]

1. e4 c5 2. Nf3 Nc6 3. Bb5 e6 4. Bxc6 bxc6 5. d3 Ne7 6. O-O Ng6 7. e5 f6 8. Qe2
Qc7 9. Re1 fxe5 10. Nxe5 Qxe5 11. Qxe5 Nxe5 12. Rxe5 d6 13. Re2 Be7 14. Nc3 O-O
15. Bd2 e5 16. f4 Bg4 17. Ree1 Bh4 18. g3 Bf6 19. Ne4 Rad8 20. b3 exf4 21. Nxf6+
Rxf6 22. Bxf4 h6 23. h4 Re6 24. Rxe6 Bxe6 25. Re1 Kf7 26. Re4 Rd7 27. Ra4 Ke7
28. Kf2 Rb7 29. Ra6 Kd7 30. Ke3 Bf5 31. Kd2 h5 32. Ra4 g6 33. Kc3 Ke6 34. Ra6
Kd7 35. a3 Be6 36. Ra4 Bf5 37. Kd2 Ke6 38. c4 Rxb3 39. Rxa7 Rxd3+ 40. Ke1 Rc3
41. a4 Rxc4 42. a5 Ra4 43. Kd2 c4 44. Kc3 Kd5 45. a6 Ra3+ 46. Kb4 Rb3+ 47. Ka4
Bc2 0-1